[Event "Ufa-ch"]
[Site "Ufa"]
[Date "2012.11.27"]
[Round "9"]
[White "Garifullin, Ildar"]
[Black "Tangatarov, Timur"]
[Result "0-1"]
[WhiteElo "1948"]
[BlackElo "2175"]
[PlyCount "92"]
[EventDate "2012.11.19"]
[EventType "tourn"]
[EventRounds "9"]
[EventCountry "RUS"]
[SourceTitle "CBM 151 Extra"]
[Source "ChessBase"]
[SourceDate "2012.12.18"]
[SourceVersion "1"]
[SourceVersionDate "2012.12.18"]
[SourceQuality "1"]

1. e4 Nf6 2. e5 Nd5 3. Nc3 Nb6 4. a4 d6 5. a5 N6d7 6. exd6 cxd6 7. d4 g6 8. Nf3 Bg7 9. Be2 0-0 10. 0-0 Nc6 11. a6 bxa6 12. Be3 Nb4 13. Qd2 Re8 14. Ra4 Rb8 15. Bh6 Bxh6 16. Qxh6 Nxc2 17. Ng5 Nf8 18. d5 Rb4 19. Rxb4 Nxb4 20. Nxf7 Kxf7 21. Qf4+ Kg8 22. Qxb4 Qb6 23. Qa3 Nd7 24. Ne4 Qd4 25. Nc3 Qb6 26. Rd1 Rf8 27. Ne4 Rf4 28. Qc3 Bb7 29. Qc2 Qb4 30. f3 Ne5 31. Qc1 Rf8 32. Qg5 Qxb2 33. Bf1 Qb6+ 34. Kh1 Qd8 35. f4 Nf7 36. Qh4 e5 37. Nf6+ Kg7 38. fxe5 dxe5 39. Qxh7+ Kxf6 40. Bc4 Qd6 41. Bd3 Ke7 42. Bxg6 Qf6 43. d6+ Kd8 44. Bxf7 Rxf7 45. Qg8+ Rf8 46. Qc4 Bxg2+ 0-1

[Event "Ufa-ch"]
[Site "Ufa"]
[Date "2012.11.24"]
[Round "6"]
[White "Idrisova, Roza"]
[Black "Tangatarov, Timur"]
[Result "1-0"]
[WhiteElo "2128"]
[BlackElo "2175"]
[PlyCount "83"]
[EventDate "2012.11.19"]
[EventType "tourn"]
[EventRounds "9"]
[EventCountry "RUS"]
[SourceTitle "CBM 151 Extra"]
[Source "ChessBase"]
[SourceDate "2012.12.18"]
[SourceVersion "1"]
[SourceVersionDate "2012.12.18"]
[SourceQuality "1"]

1. d4 d5 2. c4 e6 3. Nc3 Nf6 4. Bg5 c6 5. e3 Nbd7 6. Nf3 Qa5 7. Nd2 Bb4 8. Qc2 0-0 9. Bh4 Ne4 10. Ndxe4 dxe4 11. a3 e5 12. Rd1 Bxc3+ 13. Qxc3 Qxc3+ 14. bxc3 exd4 15. cxd4 Nb6 16. d5 cxd5 17. cxd5 Bd7 18. Be2 Rac8 19. 0-0 Rc2 20. Rfe1 Re8 21. Bg3 Rec8 22. h3 Ra2 23. Rd4 Rxa3 24. Rxe4 Nxd5 25. Rd4 Nf6 26. Red1 Be8 27. Rd8 Rac3 28. Be5 R3c5 29. f4 h6 30. g4 Nh7 31. Bf3 f6 32. Bb2 Rxd8 33. Rxd8 Kf7 34. Ba3 Ra5 35. Bd5+ Kg6 36. Be4+ Kf7 37. Bb4 Ra1+ 38. Kf2 Ra4 39. Bd5+ Kg6 40. Bd2 Bc6 41. f5+ Kg5 42. Kg3 1-0

[Event "Ufa-ch"]
[Site "Ufa"]
[Date "2012.11.23"]
[Round "5"]
[White "Tangatarov, Timur"]
[Black "Imashev, Ildar"]
[Result "0-1"]
[WhiteElo "2175"]
[BlackElo "2264"]
[PlyCount "78"]
[EventDate "2012.11.19"]
[EventType "tourn"]
[EventRounds "9"]
[EventCountry "RUS"]
[SourceTitle "CBM 151 Extra"]
[Source "ChessBase"]
[SourceDate "2012.12.18"]
[SourceVersion "1"]
[SourceVersionDate "2012.12.18"]
[SourceQuality "1"]

1. e4 e5 2. Nf3 Nc6 3. Bb5 a6 4. Ba4 Nf6 5. 0-0 b5 6. Bb3 Bc5 7. c3 d6 8. d4 Bb6 9. a4 Rb8 10. Na3 0-0 11. axb5 axb5 12. Nxb5 Bg4 13. d5 Ne7 14. Qd3 Nd7 15. Bd1 Nc5 16. Qc4 Bd7 17. Na3 f5 18. exf5 Bxf5 19. Bc2 Bxc2 20. Nxc2 Nb3 21. Ng5 Nxa1 22. Qh4 h6 23. Ne6 Nf5 24. Qg4 Qh4 25. Qxh4 Nxh4 26. Nxa1 Rf7 27. Nc2 Nf5 28. g3 Ne7 29. c4 c6 30. b4 cxd5 31. c5 dxc5 32. Nxc5 Nc6 33. Nd3 Nd4 34. Nxd4 Bxd4 35. Kg2 g5 36. Bd2 e4 37. Nc1 Rbf8 38. Be1 Bb6 39. Ne2 d4 0-1

[Event "Ufa-ch"]
[Site "Ufa"]
[Date "2012.11.22"]
[Round "4"]
[White "Darmin, Dmitry"]
[Black "Tangatarov, Timur"]
[Result "1-0"]
[WhiteElo "2356"]
[BlackElo "2175"]
[PlyCount "59"]
[EventDate "2012.11.19"]
[EventType "tourn"]
[EventRounds "9"]
[EventCountry "RUS"]
[SourceTitle "CBM 151 Extra"]
[Source "ChessBase"]
[SourceDate "2012.12.18"]
[SourceVersion "1"]
[SourceVersionDate "2012.12.18"]
[SourceQuality "1"]

1. c4 e5 2. Nf3 Nc6 3. Nc3 Nf6 4. g3 d5 5. cxd5 Nxd5 6. d3 Be7 7. Bg2 Be6 8. 0-0 Nb6 9. Be3 0-0 10. Rc1 f6 11. a3 Nd4 12. Ne4 a5 13. Bxd4 exd4 14. Qc2 c6 15. Nc5 Bd5 16. Nxd4 Bxg2 17. Nde6 Qd6 18. Kxg2 Rfe8 19. Qb3 Kh8 20. Nxb7 Qe5 21. e4 a4 22. f4 Qh5 23. Qd1 Qxd1 24. Rfxd1 Bxa3 25. bxa3 Rxe6 26. Rc3 Re7 27. Rdc1 Rd7 28. Rb1 Re8 29. Nc5 Rd4 30. f5 1-0

[Event "Ufa-ch"]
[Site "Ufa"]
[Date "2012.11.19"]
[Round "1"]
[White "Tangatarov, Timur"]
[Black "Abelguzin, Dinar"]
[Result "1-0"]
[WhiteElo "2175"]
[BlackElo "1921"]
[PlyCount "145"]
[EventDate "2012.11.19"]
[EventType "tourn"]
[EventRounds "9"]
[EventCountry "RUS"]
[SourceTitle "CBM 151 Extra"]
[Source "ChessBase"]
[SourceDate "2012.12.18"]
[SourceVersion "1"]
[SourceVersionDate "2012.12.18"]
[SourceQuality "1"]

1. e4 e5 2. Nf3 Nc6 3. Bb5 a6 4. Ba4 Nf6 5. 0-0 Be7 6. Re1 b5 7. Bb3 d6 8. c3 0-0 9. h3 Bb7 10. d3 Nb8 11. Nbd2 Nbd7 12. Nf1 Re8 13. Ng3 g6 14. Bh6 Bf8 15. Qd2 Bg7 16. Qg5 Bh8 17. Qh4 Nc5 18. Bc2 Ne6 19. Ng5 Nd7 20. Qg4 Bc8 21. Nxe6 fxe6 22. h4 Nf6 23. Qh3 Bg7 24. Bxg7 Kxg7 25. h5 Qe7 26. Qh4 Bd7 27. Re3 Rf8 28. hxg6 hxg6 29. d4 Rh8 30. Qg5 Nd5 31. Qxe7+ Nxe7 32. dxe5 dxe5 33. Rd3 Bc6 34. Bb3 Rh4 35. Re1 Kf6 36. Rf3+ Rf4 37. Ree3 Rd8 38. Ne2 Rxf3 39. Rxf3+ Kg7 40. Bxe6 Rf8 41. Rxf8 Kxf8 42. f3 Kg7 43. Kf2 Kf6 44. Bb3 Nc8 45. Ke3 Nd6 46. Kd3 Bd7 47. Nc1 c5 48. Bd5 g5 49. Ke3 b4 50. Nd3 bxc3 51. bxc3 c4 52. Nb2 Be6 53. Bc6 Ke7 54. g3 Kd8 55. f4 gxf4+ 56. gxf4 exf4+ 57. Kxf4 Kc7 58. Ba8 Kb6 59. Ke5 Nb5 60. Kxe6 Nc7+ 61. Kd7 Nxa8 62. e5 Kc5 63. e6 Nb6+ 64. Kd8 Nd5 65. e7 Nf6 66. e8Q Nxe8 67. Kxe8 Kd5 68. Kd7 Ke4 69. Kc6 Ke3 70. Kc5 Kd2 71. Kxc4 Kc2 72. Kb4 Kxb2 73. c4 1-0

[Event "Ufa Gumerov Memorial op"]
[Site "Ufa"]
[Date "2012.08.09"]
[Round "9"]
[White "Tangatarov, Timur"]
[Black "Mukhuametdinov, llyas"]
[Result "0-1"]
[WhiteElo "2185"]
[BlackElo "1924"]
[PlyCount "70"]
[EventDate "2012.08.01"]
[EventType "swiss"]
[EventRounds "9"]
[EventCountry "RUS"]
[SourceTitle "EXT 2013"]
[Source "ChessBase"]
[SourceDate "2012.11.22"]
[SourceVersion "1"]
[SourceVersionDate "2012.11.22"]
[SourceQuality "1"]

1. e4 c5 2. Nf3 Nc6 3. d4 cxd4 4. Nxd4 Nf6 5. Nc3 e5 6. Ndb5 d6 7. Bg5 a6 8. Na3 b5 9. Nd5 Be7 10. Bxf6 Bxf6 11. c3 Bg5 12. Nc2 Ne7 13. a4 Rb8 14. Ncb4 Nxd5 15. exd5 Qc7 16. axb5 axb5 17. Nc6 Rb6 18. Qb3 0-0 19. Bxb5 Bd7 20. Ra7 Rb7 21. Ra6 Bxc6 22. Rxc6 Qa5 23. Rxd6 Rxb5 24. Qd1 Rxb2 25. 0-0 Qxc3 26. Qg4 Qb4 27. Qd7 e4 28. Rc6 e3 29. fxe3 Bxe3+ 30. Kh1 Rb1 31. Qf5 Rxf1+ 32. Qxf1 Qe4 33. Qd1 Rb8 34. h3 h6 35. Rc2 Bf4 0-1

[Event "Ufa Gumerov Memorial op"]
[Site "Ufa"]
[Date "2012.08.05"]
[Round "5"]
[White "Tangatarov, Timur"]
[Black "Timankin, Fedor"]
[Result "1-0"]
[WhiteElo "2185"]
[BlackElo "2060"]
[PlyCount "65"]
[EventDate "2012.08.01"]
[EventType "swiss"]
[EventRounds "9"]
[EventCountry "RUS"]
[SourceTitle "EXT 2013"]
[Source "ChessBase"]
[SourceDate "2012.11.22"]
[SourceVersion "1"]
[SourceVersionDate "2012.11.22"]
[SourceQuality "1"]

1. e4 c6 2. d4 g6 3. Nc3 d5 4. e5 h5 5. Nf3 Bg4 6. h3 Bxf3 7. Qxf3 e6 8. Be3 Bh6 9. 0-0-0 Nd7 10. Bd3 Qe7 11. g4 h4 12. Qe2 Bxe3+ 13. Qxe3 b5 14. f4 b4 15. Na4 Rc8 16. f5 gxf5 17. gxf5 Nh6 18. f6 Qf8 19. Rhg1 Kd8 20. Nc5 Nxc5 21. dxc5 Kc7 22. Rg7 Rd8 23. Qd4 a5 24. Rdg1 Rd7 25. R1g5 Rd8 26. Rh5 Nf5 27. Rxf5 exf5 28. e6 Qe8 29. Rxf7+ Kc8 30. Ba6+ Kb8 31. Qe5+ Ka8 32. Qc7 Qxe6 33. Qb7# 1-0

[Event "Ufa Gumerov Memorial op"]
[Site "Ufa"]
[Date "2012.08.02"]
[Round "2"]
[White "Litvinov, Maxim"]
[Black "Tangatarov, Timur"]
[Result "0-1"]
[WhiteElo "1947"]
[BlackElo "2185"]
[PlyCount "54"]
[EventDate "2012.08.01"]
[EventType "swiss"]
[EventRounds "9"]
[EventCountry "RUS"]
[SourceTitle "EXT 2013"]
[Source "ChessBase"]
[SourceDate "2012.11.22"]
[SourceVersion "1"]
[SourceVersionDate "2012.11.22"]
[SourceQuality "1"]

1. e4 c5 2. Nf3 d6 3. d4 cxd4 4. Nxd4 Nf6 5. Nc3 Nc6 6. f3 e5 7. Nb3 Be6 8. Be3 Be7 9. Qd2 a5 10. Bb5 0-0 11. 0-0 d5 12. exd5 Nxd5 13. Nxd5 Bxd5 14. Rad1 Bxb3 15. axb3 Nd4 16. Bd3 Bc5 17. Kh1 Qb6 18. Bg1 Rad8 19. Qg5 Rfe8 20. Rfe1 h6 21. Qh5 Qf6 22. Re4 b6 23. h3 Nf5 24. Rg4 Bxg1 25. Rxg1 Rxd3 26. cxd3 g6 27. g3 Kh7 0-1

[Event "Ufa Abelguzin Cup"]
[Site "Ufa"]
[Date "2012.03.31"]
[Round "9"]
[White "Tangatarov, Timur"]
[Black "Jamilov, Robert F"]
[Result "0-1"]
[WhiteElo "2184"]
[BlackElo "2429"]
[PlyCount "72"]
[EventDate "2012.03.23"]
[EventType "tourn"]
[EventRounds "9"]
[EventCountry "RUS"]
[SourceTitle "EXT 2013"]
[Source "ChessBase"]
[SourceDate "2012.11.22"]
[SourceVersion "1"]
[SourceVersionDate "2012.11.22"]
[SourceQuality "1"]

1. e4 e5 2. Nf3 d6 3. d4 exd4 4. Nxd4 Nf6 5. Nc3 Be7 6. Be2 0-0 7. 0-0 c5 8. Nb3 Nc6 9. f4 Re8 10. Bf3 Bf8 11. Re1 a5 12. Nb5 Be6 13. Nd2 Qb6 14. a4 d5 15. f5 c4+ 16. Kh1 Bd7 17. exd5 Rxe1+ 18. Qxe1 Re8 19. Qf1 Ne5 20. Be2 Neg4 21. Nxc4 Qf2 22. Be3 Qxf1+ 23. Bxf1 Nxe3 24. Nxa5 Nfxd5 25. Nxb7 Nxc2 26. Rc1 Nce3 27. Bd3 Nf4 28. Bb1 Bxb5 29. axb5 Rb8 30. Be4 Nfd5 31. Nc5 Rxb5 32. Nd3 Nf6 33. Bc6 Rb3 34. Rc3 Rxc3 35. bxc3 Nxf5 36. Kg1 Bd6 0-1

[Event "Ufa Abelguzin Cup"]
[Site "Ufa"]
[Date "2012.03.30"]
[Round "8"]
[White "Abelguzin, Dinar"]
[Black "Tangatarov, Timur"]
[Result "1/2-1/2"]
[WhiteElo "1924"]
[BlackElo "2184"]
[PlyCount "113"]
[EventDate "2012.03.23"]
[EventType "tourn"]
[EventRounds "9"]
[EventCountry "RUS"]
[SourceTitle "EXT 2013"]
[Source "ChessBase"]
[SourceDate "2012.11.22"]
[SourceVersion "1"]
[SourceVersionDate "2012.11.22"]
[SourceQuality "1"]

1. e4 e5 2. Nf3 Nc6 3. Bb5 a6 4. Ba4 Nf6 5. 0-0 b5 6. Bb3 Be7 7. c3 d6 8. h3 0-0 9. d4 Bb7 10. Re1 Na5 11. Bc2 d5 12. Nxe5 dxe4 13. Nd2 c5 14. Nxe4 Nxe4 15. Bxe4 Bxe4 16. Rxe4 Qd5 17. Re1 Rad8 18. Be3 f5 19. Qf3 f4 20. Bd2 Bf6 21. Qg4 Nc4 22. Bxf4 cxd4 23. cxd4 Nxb2 24. Rab1 Nc4 25. Rbd1 Rfe8 26. Kh2 Nb6 27. Nf3 Na4 28. Be5 Re6 29. Nh4 Kh8 30. Nf5 g6 31. Ng3 Nc3 32. Rc1 Bxe5 33. dxe5 Rxe5 34. Rxe5 Qxe5 35. Qf3 b4 36. Qb7 a5 37. Qb6 Rf8 38. Rc2 Qd5 39. Qe3 Rd8 40. a3 Qd4 41. Qxd4+ Rxd4 42. axb4 axb4 43. Ne2 Rc4 44. Nxc3 Rxc3 45. Rd2 b3 46. Rd7 b2 47. Rb7 Rc2 48. Kg3 Kg8 49. f4 Kf8 50. Kf3 Ke8 51. g4 Kd8 52. f5 gxf5 53. gxf5 Kc8 54. Rb4 Kd7 55. f6 Ke6 56. Rb6+ Kf7 57. Kg3 1/2-1/2

[Event "Ufa Abelguzin Cup"]
[Site "Ufa"]
[Date "2012.03.28"]
[Round "6"]
[White "Tangatarov, Timur"]
[Black "Darmin, Dmitry"]
[Result "0-1"]
[WhiteElo "2184"]
[BlackElo "2376"]
[PlyCount "147"]
[EventDate "2012.03.23"]
[EventType "tourn"]
[EventRounds "9"]
[EventCountry "RUS"]
[SourceTitle "EXT 2013"]
[Source "ChessBase"]
[SourceDate "2012.11.22"]
[SourceVersion "1"]
[SourceVersionDate "2012.11.22"]
[SourceQuality "1"]

1. e4 c6 2. d4 d5 3. Nc3 dxe4 4. Nxe4 Nd7 5. Ng5 Ngf6 6. Bd3 e6 7. N1f3 Bd6 8. Qe2 h6 9. Ne4 Nxe4 10. Qxe4 Nf6 11. Qe2 c5 12. Bd2 a6 13. 0-0-0 Qc7 14. Rhe1 Bd7 15. Kb1 Bc6 16. dxc5 Bxc5 17. Ne5 0-0-0 18. f4 Kb8 19. f5 exf5 20. Bf4 Bd6 21. Bxf5 Ka8 22. Nxc6 Qxc6 23. Bxd6 Rxd6 24. Rxd6 Qxd6 25. g3 Re8 26. Qf2 Rxe1+ 27. Qxe1 Qd5 28. Qf1 h5 29. Bd3 Ng4 30. h3 Ne5 31. Be2 g6 32. a3 Qe4 33. Bd3 Qe3 34. Qf4 Qe1+ 35. Ka2 Nxd3 36. cxd3 Qe6+ 37. Kb1 Qxh3 38. Qxf7 Qxg3 39. Qf8+ Qb8 40. Qf7 Qd6 41. Qe8+ Ka7 42. Qe3+ b6 43. Qf3 Qd7 44. Qg3 Qh7 45. Qh4 a5 46. Kc2 Qc7+ 47. Kd2 Qd6 48. Kc2 Kb7 49. b4 axb4 50. axb4 Kc7 51. Kd2 Kd7 52. Qe4 Qe6 53. Qb7+ Ke8 54. Qg7 Qa2+ 55. Ke3 Qf7 56. Qd4 Qe6+ 57. Kd2 Kf7 58. Qh8 Qf6 59. Qh6 Qb2+ 60. Kd1 Qb3+ 61. Ke2 Qc2+ 62. Ke1 Qxd3 63. Qh7+ Kf6 64. Qh8+ Kf5 65. Qc8+ Kg5 66. Qc1+ Kg4 67. Qc8+ Kh4 68. Qf8 g5 69. Qe7 b5 70. Kf2 Qd2+ 71. Kg1 Kg3 72. Qe5+ Qf4 73. Qe1+ Kh3 74. Qe8 0-1

[Event "Ufa Abelguzin Cup"]
[Site "Ufa"]
[Date "2012.03.26"]
[Round "4"]
[White "Tangatarov, Timur"]
[Black "Imashev, Ildar"]
[Result "1/2-1/2"]
[WhiteElo "2184"]
[BlackElo "2283"]
[PlyCount "41"]
[EventDate "2012.03.23"]
[EventType "tourn"]
[EventRounds "9"]
[EventCountry "RUS"]
[SourceTitle "EXT 2013"]
[Source "ChessBase"]
[SourceDate "2012.11.22"]
[SourceVersion "1"]
[SourceVersionDate "2012.11.22"]
[SourceQuality "1"]

1. e4 e5 2. Nf3 Nf6 3. Nxe5 d6 4. Nf3 Nxe4 5. Nc3 Nxc3 6. dxc3 Be7 7. Bf4 Nc6 8. Qd2 Be6 9. 0-0-0 Qd7 10. Kb1 a6 11. Bd3 0-0-0 12. Rhe1 Bf6 13. Bg5 Bxg5 14. Qxg5 f6 15. Qh4 Kb8 16. Be4 Bf7 17. Bxc6 bxc6 18. Qa4 Kb7 19. Re4 c5 20. Qxd7 Rxd7 21. Rde1 1/2-1/2

[Event "Ufa Kopylov Memorial op 8th"]
[Site "Ufa"]
[Date "2011.12.23"]
[Round "7"]
[White "Ardashirov, Akhtjam"]
[Black "Tangatarov, Timur"]
[Result "0-1"]
[WhiteElo "1989"]
[BlackElo "2189"]
[PlyCount "56"]
[EventDate "2011.12.17"]
[EventType "swiss"]
[EventRounds "9"]
[EventCountry "RUS"]
[SourceTitle "CBM 146 Extra"]
[Source "ChessBase"]
[SourceDate "2012.02.29"]
[SourceVersion "1"]
[SourceVersionDate "2012.02.29"]
[SourceQuality "1"]

1. d4 Nf6 2. Nf3 e6 3. Bf4 b6 4. Nbd2 Bb7 5. e3 Be7 6. Bd3 0-0 7. 0-0 d6 8. Qe2 c5 9. c3 Nc6 10. a3 Rc8 11. e4 cxd4 12. cxd4 Nxd4 13. Nxd4 e5 14. Be3 exd4 15. Bxd4 Nd7 16. Nc4 Nc5 17. Bc3 Nxd3 18. Qxd3 Ba6 19. Qg3 g6 20. b3 Bxc4 21. bxc4 Rxc4 22. Qd3 Qc8 23. Bb2 Qe6 24. Rfe1 Rfc8 25. f4 Rc2 26. Qd4 f6 27. e5 dxe5 28. fxe5 Bc5 0-1

[Event "Ufa-ch Higher league"]
[Site "Ufa"]
[Date "2011.11.27"]
[Round "8.4"]
[White "Tangatarov, Timur"]
[Black "Kiselev, Artiom"]
[Result "0-1"]
[WhiteElo "2189"]
[BlackElo "2298"]
[PlyCount "84"]
[EventDate "2011.11.20"]
[EventType "tourn"]
[EventRounds "9"]
[EventCountry "RUS"]
[SourceTitle "EXT 2022"]
[Source "ChessBase"]
[SourceDate "2021.10.06"]
[SourceVersion "1"]
[SourceVersionDate "2021.10.06"]
[SourceQuality "1"]

1. e4 c5 2. Nf3 Nc6 3. d4 cxd4 4. Nxd4 e5 5. Nb5 d6 6. N1c3 a6 7. Na3 b5 8. Nd5 Nge7 9. c4 Nxd5 10. exd5 Nd4 11. cxb5 Be7 12. Bd3 0-0 13. 0-0 f5 14. Be3 Nxb5 15. Nxb5 axb5 16. f4 Bf6 17. Bxb5 exf4 18. Bd4 Qa5 19. Bc6 Rb8 20. a3 Rxb2 21. Bxb2 Bxb2 22. Ra2 Be5 23. Qa4 Qb6+ 24. Kh1 Ba6 25. Re1 Bc3 26. Rg1 Rb8 27. Qxf4 Bd3 28. Qc1 Be5 29. Rd1 Qd4 30. h3 Qc4 31. Re1 Qh4 32. Rxe5 dxe5 33. Rb2 Rd8 34. Qe3 e4 35. Rf2 Qf6 36. a4 g5 37. g3 Rb8 38. Kg2 Rf8 39. Bb5 f4 40. Qc5 Bxb5 41. Qxb5 f3+ 42. Kg1 e3 0-1

[Event "Ufa-ch Higher league"]
[Site "Ufa"]
[Date "2011.11.26"]
[Round "7.2"]
[White "Jamilov, Robert F"]
[Black "Tangatarov, Timur"]
[Result "1-0"]
[WhiteElo "2421"]
[BlackElo "2189"]
[PlyCount "93"]
[EventDate "2011.11.20"]
[EventType "tourn"]
[EventRounds "9"]
[EventCountry "RUS"]
[SourceTitle "EXT 2022"]
[Source "ChessBase"]
[SourceDate "2021.10.06"]
[SourceVersion "1"]
[SourceVersionDate "2021.10.06"]
[SourceQuality "1"]

1. e4 c5 2. c3 Nf6 3. e5 Nd5 4. d4 cxd4 5. Nf3 d6 6. cxd4 Nc6 7. Bc4 Nb6 8. Bb5 dxe5 9. Nxe5 Bd7 10. Nxd7 Qxd7 11. Nc3 Rd8 12. 0-0 e6 13. a4 a6 14. Bxc6 bxc6 15. Bg5 Be7 16. Bxe7 Qxe7 17. a5 Nd5 18. Qa4 Nb4 19. d5 0-0 20. dxe6 fxe6 21. Qb3 Nd3 22. Ne4 Rd4 23. Ra4 Rd5 24. Qb6 Qd7 25. Nc3 Rd6 26. Re4 c5 27. Qb3 Qf7 28. Re3 Nf4 29. Ne4 Qg6 30. g3 Rd5 31. Rfe1 Rh5 32. Kf1 Nd5 33. Rf3 Rxf3 34. Qxf3 Rxh2 35. Nxc5 Qh5 36. Qxh5 Rxh5 37. Nxa6 Ne7 38. b4 Kf7 39. Nc7 Nc6 40. a6 Na7 41. Kg2 Ke7 42. Nxe6 Kd6 43. Nxg7 Rb5 44. Re6+ Kd7 45. Rh6 Nc6 46. Rxh7 Nxb4 47. Nf5+ 1-0

[Event "Ufa-ch Higher league"]
[Site "Ufa"]
[Date "2011.11.22"]
[Round "3.2"]
[White "Tangatarov, Timur"]
[Black "Imashev, Ildar"]
[Result "0-1"]
[WhiteElo "2189"]
[BlackElo "2266"]
[PlyCount "86"]
[EventDate "2011.11.20"]
[EventType "tourn"]
[EventRounds "9"]
[EventCountry "RUS"]
[SourceTitle "EXT 2022"]
[Source "ChessBase"]
[SourceDate "2021.10.06"]
[SourceVersion "1"]
[SourceVersionDate "2021.10.06"]
[SourceQuality "1"]

1. e4 e5 2. Nf3 Nf6 3. Nxe5 d6 4. Nf3 Nxe4 5. Nc3 Nxc3 6. dxc3 Be7 7. Bf4 0-0 8. Qd2 Nd7 9. 0-0-0 Nc5 10. Be3 Re8 11. Bc4 Be6 12. Bxe6 Nxe6 13. h4 Bf6 14. Qd5 Qd7 15. Ng5 b5 16. g4 Rab8 17. Ne4 Be7 18. g5 c6 19. Qf5 d5 20. Ng3 Bd6 21. Nh5 Nc5 22. Qf3 Ne4 23. Bd4 Be5 24. Rhe1 Qc7 25. Bxe5 Qxe5 26. Qe3 Qh2 27. f3 Qxh4 28. Rh1 Qf2 29. Qf4 Nc5 30. Kb1 Ne6 31. Qf5 Nf8 32. Nf6+ gxf6 33. gxf6 Re6 34. Qf4 Rxf6 35. Qxf6 Re8 36. Qxc6 Re2 37. Rdf1 Qe3 38. Qxd5 Rg2 39. Qxb5 Ng6 40. Qd3 Qf4 41. Qd8+ Nf8 42. Qd4 Qf5 43. Rhg1 Qxc2+ 0-1

[Event "Ufa Siamidi Memorial"]
[Site "Ufa"]
[Date "2011.10.24"]
[Round "9.3"]
[White "Imashev, Ildar"]
[Black "Tangatarov, Timur"]
[Result "0-1"]
[WhiteElo "2264"]
[BlackElo "2175"]
[PlyCount "170"]
[EventDate "2011.10.16"]
[EventType "swiss"]
[EventRounds "9"]
[EventCountry "RUS"]
[SourceTitle "EXT 2012"]
[Source "ChessBase"]
[SourceDate "2011.11.24"]
[SourceVersion "1"]
[SourceVersionDate "2011.11.24"]
[SourceQuality "1"]

1. e4 c5 2. Nf3 d6 3. d4 cxd4 4. Nxd4 Nf6 5. Nc3 Nc6 6. f3 e5 7. Nb3 Be6 8. Be3 d5 9. exd5 Nxd5 10. Nxd5 Bxd5 11. Qd2 Bxb3 12. axb3 Qc7 13. Qf2 Be7 14. Bb5 0-0 15. Bxc6 Qxc6 16. 0-0 a6 17. Rfd1 Rfd8 18. Bb6 Rd6 19. Rxd6 Qxd6 20. Re1 Rc8 21. Kf1 Rc6 22. Be3 e4 23. f4 Bf6 24. c3 Qd5 25. Qc2 h5 26. Rd1 Qf5 27. Kg1 Be7 28. Rd4 Re6 29. b4 a5 30. Qd2 axb4 31. cxb4 Ra6 32. Qd1 h4 33. h3 Bf6 34. Rd5 Ra1 35. Rd8+ Bxd8 36. Qxa1 Qd5 37. Qa8 Kh7 38. Qc8 Bf6 39. Qc2 Qd3 40. Qc5 g6 41. Kh2 Bxb2 42. f5 Qd8 43. fxg6+ Kxg6 44. Bf4 Qf6 45. Qe3 Qd4 46. Qe2 f5 47. Qb5 Qf6 48. Qd5 Qf7 49. Qd6+ Bf6 50. b5 Qe7 51. Qd2 Be5 52. Kg1 Qc5+ 53. Be3 Qxb5 54. Qa2 Qd7 55. Qg8+ Bg7 56. Bf4 Qf7 57. Qc8 Bd4+ 58. Kh2 Bf6 59. Qb8 Qe7 60. Bd6 Qe6 61. Kh1 e3 62. Bb4 e2 63. Be1 b6 64. Qa8 Be5 65. Qf3 Bf6 66. Qd3 Qe4 67. Qb3 Qc6 68. Qg8+ Bg7 69. Kh2 Qd6+ 70. Kh1 Qe5 71. Qd8 Bf6 72. Qg8+ Kh6 73. Bd2+ f4 74. Be1 b5 75. Qf7 Bg7 76. Kg1 Qe3+ 77. Kh1 b4 78. Qb7 b3 79. Qc6+ Kh7 80. Qb7 b2 81. Qb4 Qd4 82. Qb5 Qe4 83. Qh5+ Kg8 84. Qg5 b1Q 85. Qd8+ Bf8 0-1

[Event "Ufa Kopylov Memorial op-B 7th"]
[Site "Ufa"]
[Date "2010.12.25"]
[Round "5"]
[White "Abelguzin, Dinar"]
[Black "Tangatarov, Timur"]
[Result "0-1"]
[WhiteElo "1929"]
[BlackElo "2145"]
[PlyCount "111"]
[EventDate "2010.12.21"]
[EventType "swiss"]
[EventRounds "9"]
[EventCountry "RUS"]
[SourceTitle "EXT 2012"]
[Source "ChessBase"]
[SourceDate "2011.11.24"]
[SourceVersion "1"]
[SourceVersionDate "2011.11.24"]
[SourceQuality "1"]

1. e4 c5 2. Nf3 d6 3. d4 cxd4 4. Nxd4 Nf6 5. Nc3 a6 6. Bg5 e6 7. f4 Qb6 8. Qd2 Qxb2 9. Rb1 Qa3 10. f5 Nc6 11. fxe6 fxe6 12. Nxc6 bxc6 13. e5 dxe5 14. Bxf6 gxf6 15. Be2 h5 16. 0-0 Qc5+ 17. Kh1 Qd4 18. Qe1 Bb4 19. Rb3 f5 20. Qg3 Ra7 21. Rd1 Qc5 22. Qh4 Rd7 23. Rxd7 Kxd7 24. Qxb4 Qf2 25. Rb1 h4 26. Rd1+ Ke8 27. Rf1 Qd4 28. Qxd4 exd4 29. Na4 Ke7 30. Bf3 Kd6 31. Rd1 e5 32. Nb6 Be6 33. Be2 Kc5 34. Na4+ Kb4 35. Nb2 Kc3 36. Nd3 e4 37. Nf4 Bxa2 38. Bxa6 c5 39. Ne2+ Kxc2 40. Rc1+ Kd2 41. Rxc5 d3 42. Nf4 Ra8 43. Rc6 Ke3 44. g3 hxg3 45. hxg3 Kf2 46. Rh6 Kxg3 47. Nxd3 exd3 48. Rg6+ Kf2 49. Rg2+ Ke1 50. Rg1+ Kd2 51. Rg2+ Kc1 52. Bxd3 Bd5 53. Bxf5 Rg8 54. Bh3 Kd1 55. Kh2 Bxg2 56. Bxg2 0-1

[Event "Ufa Kopylov Memorial op-B 7th"]
[Site "Ufa"]
[Date "2010.12.22"]
[Round "2"]
[White "Tangatarov, Timur"]
[Black "Kuluev, Zagit"]
[Result "1-0"]
[WhiteElo "2145"]
[BlackElo "1984"]
[PlyCount "83"]
[EventDate "2010.12.21"]
[EventType "swiss"]
[EventRounds "9"]
[EventCountry "RUS"]
[SourceTitle "EXT 2012"]
[Source "ChessBase"]
[SourceDate "2011.11.24"]
[SourceVersion "1"]
[SourceVersionDate "2011.11.24"]
[SourceQuality "1"]

1. e4 c6 2. d4 d5 3. e5 Bf5 4. Nc3 e6 5. g4 Bg6 6. Nge2 Bb4 7. h4 h5 8. Nf4 Ne7 9. Nxg6 Nxg6 10. Bg5 Qa5 11. gxh5 Bxc3+ 12. bxc3 Qxc3+ 13. Ke2 Rxh5 14. Rh3 Qa5 15. Kf3 c5 16. Kg3 Rh8 17. h5 Ne7 18. Bxe7 Kxe7 19. Rb1 b6 20. Kg2 cxd4 21. Qxd4 Nc6 22. Qf4 d4 23. Bb5 Nd8 24. Qxd4 Kf8 25. Qd6+ Kg8 26. Ra3 Nb7 27. Qe7 Qd2 28. Qxb7 Rf8 29. Qf3 Qg5+ 30. Qg3 Qxh5 31. Rxa7 Rh6 32. Bd3 g5 33. Rb7 f5 34. f4 Qg6 35. Qxg5 Qxg5+ 36. fxg5 Rg6 37. R7xb6 Rxg5+ 38. Kf2 Kf7 39. Rb7+ Kg6 40. Re7 Rh8 41. Rxe6+ Kg7 42. Rb7+ 1-0

[Event "Ufa Siamidi Memorial op"]
[Site "Ufa"]
[Date "2010.10.23"]
[Round "6"]
[White "Zatokovenko, Igor"]
[Black "Tangatarov, Timur"]
[Result "1-0"]
[WhiteElo "2273"]
[BlackElo "2145"]
[PlyCount "93"]
[EventDate "2010.10.18"]
[EventType "swiss"]
[EventRounds "9"]
[EventCountry "RUS"]
[SourceTitle "EXT 2011"]
[Source "ChessBase"]
[SourceDate "2010.11.26"]
[SourceVersion "1"]
[SourceVersionDate "2010.11.26"]
[SourceQuality "1"]

1. d4 d5 2. Nf3 Nf6 3. c3 c6 4. Bf4 Bf5 5. Qb3 Qb6 6. Nbd2 Nbd7 7. h3 e6 8. e3 c5 9. Nh4 Bg6 10. Nxg6 hxg6 11. Be2 c4 12. Qc2 Bd6 13. Bxd6 Qxd6 14. b3 b5 15. a4 cxb3 16. Qxb3 bxa4 17. Rxa4 0-0 18. 0-0 Nb6 19. Ra6 Rfb8 20. c4 dxc4 21. Nxc4 Qd5 22. Rfa1 Rc8 23. R1a5 Qb7 24. Ra1 Nfd5 25. Nd6 Rc3 26. Nxb7 Rxb3 27. Nc5 Rb2 28. Bf3 Nc8 29. Nd3 Rb5 30. Nf4 Rab8 31. Bxd5 exd5 32. R6a5 g5 33. Nxd5 Kf8 34. g4 Rb2 35. Kg2 Rc2 36. R1a2 Rc1 37. Ra1 Rc2 38. R5a2 Rc6 39. Ra3 Rc2 40. R1a2 Rc1 41. Rc3 Rxc3 42. Nxc3 Ke7 43. Ra6 Rb7 44. Kg3 Nd6 45. Kf3 Kd7 46. Ne4 Nxe4 47. Kxe4 1-0